000 01081nam a22002297a 4500
999 _c1901
_d1901
003 AR-CdUCM
008 190228b ||||| |||| 00| 0 spa d
020 _a9686109072
040 _aMUNICIPALIDAD PROVINCIAL DEL CUSCO
_cBIBLIOTECA MUNICIPAL DEL CUSCO
082 _21ra. ed.
_a305.898 /
_bB71
100 _aCliment I, Joan Boldó
_96956
245 _aLa Coca Andina :
_bVisión Indígena de una planta satanizada /
_cCliment I, Joan Boldó
260 _aMéxico :
_bInstituto Indigenista Interamericano ,
_c1986.
300 _a352 paginas :
_c21.5 cm.
505 _aLa coca, el mundo andino -- La medicina Popular y la coca en el Perú -- Una nueva perspectiva sobre la masticación de la coca -- La coca en la medicina tradicional andina -- El uso social de la coca en el mundo -- El hombre andino y su relación mágico religiosa con la coca -- Mito del origen de la coca...
650 _aLa Coca.
_96957
650 _aMedicina Popular.
_96958
650 _aCultura Andina.
_96959
700 _aCliment I, Joan Boldó
_96956
942 _2ddc
_cLIBROS
945 _artm
_d2019-02-28